Textbook of biochemistry /

Uložené v:
Podrobná bibliografia
Hlavný autor: Harrow, Benjamin (Author)
Médium: Kniha
Jazyk:English
Vydané: Shanghai : Van Chong, 1955.
Vydanie:5st ed.
ISBN: (viaz.)
Fyzický popis: 609 s.
Tagy: Pridať tag
Žiadne tagy, Buďte prvý kto otaguje tento záznam!

MARC

LEADER 00000nam a2200000 a 4500
001 000165821
005 20091228105622.0
008 021103s1955 ch eng d
020 |a (viaz.) 
040 |a SVKKK  |b slo  |c SVKKK  |e AACR2 
041 0 |a eng 
044 |a ch  |c CN 
100 1 |a Harrow, Benjamin  |4 aut 
245 1 0 |a Textbook of biochemistry /  |c Benjamin Harrow. 
250 |a 5st ed. 
260 |a Shanghai :  |b Van Chong,  |c 1955. 
300 |a 609 s. 
910 |a svkkk 
998 |a BK 
090 |g SCKHL  |k Sklad Pribinova 2. posch.  |a III.20607  |j 100290  |i 2720162687  |4 Zastaraná  |s Vyradená